Dictionary of natural resource management

Bibliographic Details
Main Author: DUNSTER (Julian Andrew)] 1954-
Other Authors: Dunster 1955-
Format: Book
Published: Oxon, U. K. : CAB International , 1996
Subjects:

MARC

LEADER 00000cam a2200000 7i4500
001 0000000997
005 20131206.0
020 0 0 |a 0851991483 
090 0 0 |a R333.7   |b DUN 1996 
100 1 0 |a DUNSTER   |h Julian A. [  |q (Julian Andrew)]   |c 1954- 
245 1 0 |a Dictionary of natural resource management   |c Julian and Katherine Dunster 
260 0 0 |a Oxon, U. K. :   |b CAB International ,   |c 1996 
300 |a xv, 363 p. :   |b ill., maps ;   |c 24 cm. 
650 0 0 |a Natural resources   |x Management   |x Dictionaries 
700 0 1 |a Dunster   |h Katherine Jane ,   |c 1955- 
998 |a JPSM 
999 |a 0000002392   |b Monograph   |c Reference   |e Default branch